[Event "International Championship of Central S"]
[Site "Paracin"]
[Date "2014.07.09"]
[Round "7.1"]
[White "Ostojic, Nikola M"]
[Black "Nikolovski, Nikola"]
[Result "1/2-1/2"]
[WhiteElo "2074"]
[BlackElo "2017"]
[PlyCount "60"]
[EventDate "2014.07.04"]

1. d4 Nf6 2. c4 c5 3. d5 b5 4. cxb5 a6 5. bxa6 Bxa6 6. Nc3 d6 7. e4 Bxf1 8.
Kxf1 g6 9. g3 Bg7 10. Kg2 O-O 11. Nf3 Nbd7 12. a4 Qb6 13. Qc2 Rfb8 14. Nb5 Ne8
15. Bg5 Nc7 16. Nxc7 Qxc7 17. Rab1 Nb6 18. b3 Qd7 19. Be3 Qc8 20. Rhd1 Qa6 21.
e5 Qb7 22. Qd3 Qd7 23. exd6 exd6 24. Nd2 Rc8 25. Rbc1 Bb2 26. Rc2 Be5 27. Nf3
Bg7 28. Nd2 Be5 29. Nf3 Bg7 30. Nd2 Be5 1/2-1/2

[Event "International Championship of Central S"]
[Site "Paracin"]
[Date "2014.07.09"]
[Round "7.2"]
[White "Milosevic, Rade"]
[Black "Molcanov, Sergej"]
[Result "0-1"]
[WhiteElo "2100"]
[BlackElo "1907"]
[PlyCount "144"]
[EventDate "2014.07.04"]

1. Nf3 d5 2. d4 Nf6 3. c4 e6 4. Nc3 Be7 5. cxd5 exd5 6. Qc2 Nbd7 7. Bg5 O-O 8.
e3 h6 9. Bh4 c6 10. Bd3 Re8 11. O-O Nf8 12. Bxf6 Bxf6 13. b4 Bg4 14. Nd2 Rc8
15. a4 Qd6 16. Rab1 Bd8 17. Bf5 Bxf5 18. Qxf5 Qe6 19. Qxe6 fxe6 20. Rfc1 Nd7
21. g3 Be7 22. Ne2 Rc7 23. Nf4 Kf7 24. Nd3 b6 25. Nf3 Bd6 26. Rc2 Rec8 27. h4
Kf6 28. Kg2 c5 29. dxc5 bxc5 30. bxc5 Nxc5 31. Nxc5 Rxc5 32. Ra2 e5 33. Rb7
R8c7 34. Rxc7 Bxc7 35. Ne1 Ba5 36. Nc2 Rc4 37. Kf3 Kf5 38. Ke2 Kg4 39. Na1 Bc3
40. Nb3 Rb4 41. Nc5 Rc4 42. Nd3 g5 43. hxg5 hxg5 44. Nc1 Kf5 45. Nd3 g4 46. Nc1
Ke4 47. Nb3 Bb4 48. Na1 d4 49. exd4 exd4 50. Nb3 d3+ 51. Kd1 Kf3 52. a5 Re4 53.
Nd2+ Bxd2 54. Rxd2 Ra4 55. Rxd3+ Kxf2 56. Rc3 Rxa5 57. Rb3 Ra2 58. Rc3 a5 59.
Kc1 Kg2 60. Kb1 Rf2 61. Ra3 Rf3 62. Rxa5 Kxg3 63. Kc2 Re3 64. Kd2 Re8 65. Ra7
Kf2 66. Rf7+ Kg2 67. Rg7 g3 68. Rg6 Kf2 69. Rf6+ Kg1 70. Rg6 g2 71. Rg4 Rh8 72.
Ke2 Kh2 0-1

[Event "International Championship of Central S"]
[Site "Paracin"]
[Date "2014.07.09"]
[Round "7.3"]
[White "Manelidis, Savvas"]
[Black "Djordjevic, Danilo"]
[Result "1-0"]
[WhiteElo "2000"]
[BlackElo "2080"]
[PlyCount "43"]
[EventDate "2014.07.04"]

1. e4 c5 2. Nf3 e6 3. d4 cxd4 4. c3 dxc3 5. Nxc3 Nc6 6. Bc4 d6 7. O-O Be7 8.
Qe2 Nf6 9. Rd1 e5 10. Bg5 Bg4 11. Bxf6 gxf6 12. Nd5 Nd4 13. Bb5+ Kf8 14. Rxd4
exd4 15. Qd2 h5 16. Nxd4 a6 17. Ba4 b5 18. Nc6 Qd7 19. Ncxe7 bxa4 20. Qf4 Be6
21. Qxf6 Bxd5 22. Ng6+ 1-0

[Event "International Championship of Central S"]
[Site "Paracin"]
[Date "2014.07.09"]
[Round "7.4"]
[White "Dimitrijevic, Dusan"]
[Black "Marjanovics, Gyorgy"]
[Result "1-0"]
[WhiteElo "2067"]
[BlackElo "2070"]
[PlyCount "85"]
[EventDate "2014.07.04"]

1. d4 f5 2. c4 Nf6 3. Nc3 g6 4. f3 Bg7 5. e4 fxe4 6. fxe4 d6 7. Nf3 O-O 8. Be2
Na6 9. O-O c5 10. d5 Ng4 11. h3 Ne5 12. Be3 Bd7 13. Qd2 Nxf3+ 14. Bxf3 Nc7 15.
a4 b6 16. Kh1 a6 17. Bh6 b5 18. Bxg7 Kxg7 19. e5 bxc4 20. e6 Bc8 21. Be2 Ne8
22. Rxf8 Kxf8 23. Qh6+ Kg8 24. Rf1 Nf6 25. g4 Rb8 26. g5 Rxb2 27. gxf6 exf6 28.
Qe3 Qe7 29. Bxc4 Rb4 30. Qe2 f5 31. Bxa6 Qh4 32. Rf3 Bxa6 33. Qxa6 Rf4 34. Qf1
Rxf3 35. Qxf3 Kf8 36. a5 Qe1+ 37. Kg2 Qd2+ 38. Kf1 Qc1+ 39. Ke2 Qa3 40. Nd1
Qxa5 41. Qc3 Qa2+ 42. Ke1 Qxd5 43. Qf6+ 1-0

[Event "International Championship of Central S"]
[Site "Paracin"]
[Date "2014.07.09"]
[Round "7.5"]
[White "Aleksic, Neven"]
[Black "Zajic, Milun"]
[Result "1-0"]
[WhiteElo "1981"]
[BlackElo "1970"]
[PlyCount "79"]
[EventDate "2014.07.04"]

1. d4 Nf6 2. c4 e6 3. Nf3 b6 4. g3 Ba6 5. b3 Bb4+ 6. Bd2 Be7 7. Nc3 c5 8. Bg2
Bb7 9. O-O cxd4 10. Nxd4 Bxg2 11. Kxg2 a6 12. f3 Qc7 13. e4 d6 14. Rc1 O-O 15.
Qe2 Nbd7 16. Rfd1 Rfe8 17. Qf2 Rac8 18. Be3 Qb8 19. h3 Bd8 20. f4 Nc5 21. Qf3
Bc7 22. Nc6 Qa8 23. e5 Nh5 24. exd6 Bd8 25. Nxd8 Qxf3+ 26. Kxf3 Rexd8 27. Bxc5
bxc5 28. Ne4 Rc6 29. b4 cxb4 30. c5 Nf6 31. Nf2 Nd5 32. Rxd5 exd5 33. Nd3 a5
34. Ke3 Kf8 35. Kd4 f6 36. Kxd5 Rcc8 37. c6 h5 38. Nc5 Kf7 39. Nb7 b3 40. axb3
1-0

[Event "International Championship of Central S"]
[Site "Paracin"]
[Date "2014.07.09"]
[Round "7.6"]
[White "Arandjelovic, Aleksandar Z"]
[Black "Emmanouilidis, Athanasios"]
[Result "1/2-1/2"]
[WhiteElo "2060"]
[BlackElo "1880"]
[PlyCount "43"]
[EventDate "2014.07.04"]

1. d4 d5 2. c4 c6 3. Nf3 Nf6 4. Nc3 a6 5. c5 Nbd7 6. Bf4 g6 7. e3 Bg7 8. h3 O-O
9. Be2 Re8 10. Ne5 Nxe5 11. Bxe5 Nd7 12. Bxg7 Kxg7 13. O-O e5 14. b4 exd4 15.
Qxd4+ Qf6 16. Rad1 Qxd4 17. Rxd4 Nf6 18. a4 Bf5 19. g4 Be6 20. Kg2 Re7 21. Kg3
Rae8 22. Rb1 1/2-1/2

[Event "International Championship of Central S"]
[Site "Paracin"]
[Date "2014.07.09"]
[Round "7.7"]
[White "Konstantinov, Aleksandar"]
[Black "Tomic, Slobodan"]
[Result "1/2-1/2"]
[WhiteElo "1828"]
[BlackElo "2060"]
[Annotator "Natasa"]
[PlyCount "166"]
[EventDate "2014.07.04"]

1. c4 e5 2. Nc3 c5 3. g3 Nc6 4. Bg2 g6 5. a3 a5 6. e4 Bg7 7. Nge2 Nge7 8. O-O
O-O 9. d3 d6 10. Be3 h6 11. f4 f6 12. h3 b6 13. f5 g5 14. g4 Bd7 15. Ng3 Be8
16. Nd5 Rb8 17. a4 Nd4 18. Bxd4 exd4 19. Nxe7+ Qxe7 20. Bf3 Qe5 21. Kg2 Rf7 22.
Qd2 Bf8 23. Rh1 Rh7 24. Rh2 Rbb7 25. b3 Rbg7 26. Rah1 Bf7 27. Bd1 Be8 28. Qf2
Bf7 29. Nf1 h5 30. gxh5 Bxh5 31. Bg4 Bxg4 32. hxg4 Rxh2+ 33. Rxh2 Rh7 34. Rxh7
Kxh7 35. Qf3 Kg8 36. Nd2 Kg7 37. Nb1 Kg8 38. Na3 Be7 39. Nb5 Bd8 40. Qf2 Kg7
41. Kf1 Kg8 42. Ke2 Kg7 43. Kd1 Kg8 44. Na3 Kg7 45. Nb1 Be7 46. Nd2 Bf8 47. Nf1
Kg8 48. Ng3 Bg7 49. Ne2 Bf8 50. Qg2 Bg7 51. Qh3 Qe7 52. Qh5 Qf7 53. Qh2 Qe7 54.
Qh3 Bf8 55. Ng1 Qh7 56. Qg2 Qe7 57. Nf3 Bg7 58. Ke2 Bf8 59. Qh3 Qh7 60. Qg2 Qe7
61. Qg3 Kg7 62. Kf2 Kg8 63. Ke2 Qe8 64. Qh2 Qe7 65. Qg2 Kg7 66. Kf1 Kg8 67. Ng1
Qe5 68. Ne2 Qe7 69. Qg3 Qe5 70. Qh3 Qe7 71. Kg2 Qh7 72. Qg3 Qe7 73. Kf3 Qe5 74.
Qh3 Qe7 75. Ng3 Bg7 76. Nh5 Bh8 77. Ng3 Bg7 78. Qh5 Qf7 79. Nh1 Qxh5 80. gxh5
Bf8 81. Nf2 Kf7 82. Nd1 Ke7 83. Kg4 Bh6 {unreadable} 1/2-1/2

[Event "International Championship of Central S"]
[Site "Paracin"]
[Date "2014.07.09"]
[Round "7.8"]
[White "Farkas, Sandor I"]
[Black "Injac, Teodora"]
[Result "1/2-1/2"]
[WhiteElo "1901"]
[BlackElo "1984"]
[PlyCount "49"]
[EventDate "2014.07.04"]

1. e4 e6 2. d4 d5 3. Nd2 c5 4. exd5 exd5 5. Ngf3 Nc6 6. Bb5 Qe7+ 7. Be2 Qc7 8.
O-O Nf6 9. Re1 Be6 10. dxc5 Bxc5 11. Nb3 Bb6 12. Bb5 O-O 13. h3 Ne4 14. Be3
Rad8 15. c3 Bxe3 16. Rxe3 Qb6 17. Bf1 Rfe8 18. Nfd4 a5 19. Bb5 Bd7 20. a4 Ne5
21. Re2 Bxb5 22. Nxb5 Nc4 23. Qd4 Qxd4 24. N3xd4 Nc5 25. Rxe8+ 1/2-1/2

[Event "International Championship of Central S"]
[Site "Paracin"]
[Date "2014.07.09"]
[Round "7.9"]
[White "Radovanovic, Miroljub B"]
[Black "Lukic, Lazar"]
[Result "1-0"]
[WhiteElo "1974"]
[BlackElo "1757"]
[PlyCount "107"]
[EventDate "2014.07.04"]

1. e4 e5 2. Nf3 Nc6 3. Bc4 Bc5 4. b4 Bxb4 5. c3 Bc5 6. O-O d6 7. d4 Bb6 8. dxe5
Nxe5 9. Nxe5 dxe5 10. Bxf7+ Ke7 11. Ba3+ c5 12. Bd5 Nf6 13. c4 Qd6 14. Nc3 a6
15. Na4 Ba7 16. f4 Nxd5 17. exd5 exf4 18. Bb2 Qh6 19. Qe2+ Kd8 20. Rae1 Qd6 21.
Be5 Qg6 22. Bxf4 Re8 23. Qxe8+ Qxe8 24. Bc7+ Kd7 25. Rxe8 Kxe8 26. Re1+ Kd7 27.
Bb6 Bb8 28. Nxc5+ Kd6 29. Ne4+ Kd7 30. Nc5+ Kd6 31. Re8 Bc7 32. Bxc7+ Kxc7 33.
Ne6+ Kd6 34. c5+ Kd7 35. Rg8 Ke7 36. Rxg7+ Kf6 37. Rxh7 Bxe6 38. dxe6 Kxe6 39.
Rxb7 Kd5 40. Rc7 Rb8 41. h4 Ke5 42. Kh2 Kf5 43. Kh3 Rb2 44. c6 Rxa2 45. Ra7 Ke6
46. c7 Kd7 47. h5 Rc2 48. g4 a5 49. h6 Re2 50. g5 a4 51. h7 Re1 52. Kg2 Re8 53.
g6 a3 54. g7 1-0

[Event "International Championship of Central S"]
[Site "Paracin"]
[Date "2014.07.09"]
[Round "7.10"]
[White "Colovic, Zoran"]
[Black "Jakovljevic, Dejan"]
[Result "0-1"]
[WhiteElo "2088"]
[BlackElo "1962"]
[PlyCount "58"]
[EventDate "2014.07.04"]

1. e4 e6 2. d4 d5 3. e5 c5 4. c3 Nc6 5. Nf3 Bd7 6. Be2 Nh6 7. O-O Qb6 8. b3 Be7
9. h3 cxd4 10. cxd4 Nf5 11. Bb2 Rc8 12. Kh1 O-O 13. g4 Nh4 14. Nxh4 Bxh4 15.
Qd2 f6 16. f4 fxe5 17. dxe5 Bf2 18. Nc3 Be3 19. Qd1 Bxf4 20. Nxd5 exd5 21.
Qxd5+ Kh8 22. e6 Qe3 23. Rxf4 Qxh3+ 24. Kg1 Qg3+ 25. Qg2 Qxf4 26. exd7 Rcd8 27.
Rd1 Qe3+ 28. Kh1 Rf2 29. Rd3 Qxe2 0-1

[Event "International Championship of Central S"]
[Site "Paracin"]
[Date "2014.07.09"]
[Round "7.11"]
[White "Jaklin, Damir"]
[Black "Madic, Zivko"]
[Result "0-1"]
[WhiteElo "1962"]
[BlackElo "2073"]
[PlyCount "108"]
[EventDate "2014.07.04"]

1. d4 Nf6 2. Nf3 g6 3. Bf4 Bg7 4. e3 O-O 5. Nbd2 d6 6. Be2 Nbd7 7. O-O Re8 8.
c3 e5 9. dxe5 dxe5 10. Bg3 e4 11. Nd4 a6 12. Nc4 Nf8 13. Qc2 Qe7 14. Rad1 Bg4
15. Rd2 Bxe2 16. Nxe2 Nh5 17. Rfd1 Nxg3 18. hxg3 Qe6 19. Qb3 b5 20. Na5 Qg4 21.
Nf4 h5 22. Re1 g5 23. Nd5 Ne6 24. Qd1 Kf8 25. Qxg4 hxg4 26. Nc6 Rac8 27. Red1
Nc5 28. Ndb4 Ra8 29. Rd5 Ne6 30. R5d2 a5 31. Nc2 Bf6 32. N2d4 Ra6 33. Nxe6+
Rxe6 34. Nd4 Re5 35. Nc2 Rc5 36. Rd5 Rac6 37. Rd7 Ke8 38. Na3 b4 39. cxb4 axb4
40. Nb1 Be7 41. R7d2 Rc2 42. Kf1 Bf6 43. Ke2 Rxb2 44. Rxb2 Bxb2 45. Rd2 Bf6 46.
Kd1 Be5 47. Rc2 Kd7 48. Rxc6 Kxc6 49. Kc2 f5 50. a3 Kb5 51. axb4 Kxb4 52. Nd2
Bc3 53. Nb3 Kc4 54. Nc1 Be1 0-1

[Event "International Championship of Central S"]
[Site "Paracin"]
[Date "2014.07.09"]
[Round "7.12"]
[White "Floricelovic, Milos"]
[Black "Dragojevic, Dragan"]
[Result "0-1"]
[WhiteElo "2067"]
[BlackElo "1953"]
[Annotator "Natasa"]
[PlyCount "93"]
[EventDate "2014.07.04"]

1. e4 e5 2. Nf3 Nc6 3. Bb5 a6 4. Ba4 Nf6 5. Qe2 b5 6. Bb3 d6 7. c3 Na5 8. Bc2
c5 9. h3 Nc6 10. d3 Be7 11. Nbd2 O-O 12. Nf1 Re8 13. Ng3 Bf8 14. O-O h6 15. Nh4
Ne7 16. Bb3 Be6 17. Bc2 Qd7 18. Qf3 Kh7 19. Kh2 Neg8 20. d4 cxd4 21. cxd4 Rac8
22. Bb1 Qc7 23. Kh1 g6 24. Be3 Bg7 25. a4 bxa4 26. Rxa4 Qd7 27. Ra5 Bxh3 28.
Ngf5 Bg4 29. Qg3 gxf5 30. exf5 Be2 31. Re1 Bb5 32. Ra3 e4 33. Qh3 d5 34. g4 Ne7
35. Rg1 Be2 36. f4 Bxg4 37. Rxg4 Nxg4 38. Qxg4 Bf6 39. Ba2 Bxh4 40. Qxh4 Nxf5
41. Qh3 Rg8 42. Bf2 Rg6 43. Ra5 Ng3+ 44. Kh2 Qxh3+ 45. Kxh3 Ne2 46. Bxd5 Nxf4+
47. Kh4 {unreadable} 0-1

[Event "International Championship of Central S"]
[Site "Paracin"]
[Date "2014.07.09"]
[Round "7.13"]
[White "Trifunovic, Borisav"]
[Black "Isak, Igor G"]
[Result "0-1"]
[WhiteElo "1951"]
[BlackElo "2062"]
[PlyCount "90"]
[EventDate "2014.07.04"]

1. d4 e6 2. c4 Bb4+ 3. Nc3 Nf6 4. Nf3 Bxc3+ 5. bxc3 O-O 6. Qc2 h6 7. e4 d6 8.
e5 dxe5 9. Nxe5 c5 10. Be3 Qc7 11. Be2 Nbd7 12. f4 b6 13. Bf3 Bb7 14. O-O Rac8
15. Rac1 Qb8 16. Nxd7 Nxd7 17. f5 cxd4 18. cxd4 e5 19. f6 Nxf6 20. Bxb7 Qxb7
21. Rxf6 gxf6 22. Bxh6 Qd7 23. Rd1 Rfd8 24. Rd3 f5 25. Qf2 Rc6 26. Qh4 Rg6 27.
d5 f6 28. Bd2 Qg7 29. Rg3 Rxg3 30. hxg3 Qg6 31. Kf2 Kg7 32. Qh1 Rc8 33. Qc1 Qg4
34. Qa3 Rc7 35. Qd6 Qxc4 36. Bb4 Qd4+ 37. Kf1 Rc1+ 38. Be1 Qc4+ 39. Kf2 Qc5+
40. Qxc5 Rxc5 41. d6 a5 42. Kf3 Rd5 43. g4 fxg4+ 44. Kxg4 Rxd6 45. Kf5 Kf7 0-1

[Event "International Championship of Central S"]
[Site "Paracin"]
[Date "2014.07.09"]
[Round "7.14"]
[White "Milutinovic, Stefana"]
[Black "Radovanovic, Danko"]
[Result "1-0"]
[WhiteElo "2055"]
[BlackElo "1938"]
[PlyCount "53"]
[EventDate "2014.07.04"]

1. d4 d5 2. c4 c6 3. Nf3 Nf6 4. Nbd2 Bf5 5. Nh4 Bc8 6. e3 Bg4 7. Qc2 e6 8. h3
Bh5 9. Bd3 Na6 10. a3 Qa5 11. O-O g5 12. Nhf3 g4 13. hxg4 Nxg4 14. cxd5 cxd5
15. b4 Qd8 16. Qa4+ Ke7 17. Bxa6 bxa6 18. Qxa6 Bh6 19. e4 Bxd2 20. Bxd2 dxe4
21. Qb7+ Ke8 22. Qb5+ Qd7 23. Qxh5 exf3 24. Qxg4 fxg2 25. Rfe1 Rd8 26. Qg7 Qxd4
27. Qxd4 1-0

[Event "International Championship of Central S"]
[Site "Paracin"]
[Date "2014.07.09"]
[Round "7.16"]
[White "Lazic, Milan B"]
[Black "Mitev, Valentin"]
[Result "1/2-1/2"]
[WhiteElo "2022"]
[BlackElo "1640"]
[PlyCount "88"]
[EventDate "2014.07.04"]

1. e4 c6 2. d4 d5 3. Nd2 dxe4 4. Nxe4 Nd7 5. Nf3 Ngf6 6. Ng3 e6 7. Bd3 Bd6 8.
O-O b6 9. c4 Bb7 10. Re1 O-O 11. Qc2 Qc7 12. Bg5 c5 13. Bxf6 Nxf6 14. Ne4 Nxe4
15. Bxe4 h6 16. Bxb7 Qxb7 17. Rad1 Qc7 18. d5 exd5 19. Rxd5 Rfe8 20. Rxe8+ Rxe8
21. g3 Re6 22. Nh4 g6 23. Qd2 Kh7 24. f4 f5 25. Nf3 Qe7 26. Kf2 a6 27. h4 Qf8
28. h5 Be7 29. Qc2 Re4 30. hxg6+ Kxg6 31. Ne5+ Kh7 32. Nd7 Qf7 33. Qd1 Qg7 34.
Ne5 Rd4 35. Qh5 Qf6 36. Qe8 Rxd5 37. cxd5 Kg7 38. Kf3 b5 39. Qd7 Kf8 40. Nc6
Bd6 41. Nd8 Be7 42. Nb7 Qg6 43. d6 Qg4+ 44. Kf2 Bh4 1/2-1/2

[Event "International Championship of Central S"]
[Site "Paracin"]
[Date "2014.07.09"]
[Round "7.17"]
[White "Glisic, Tomislav"]
[Black "Bozinovic, Boban"]
[Result "0-1"]
[WhiteElo "1881"]
[BlackElo "2011"]
[PlyCount "56"]
[EventDate "2014.07.04"]

1. e4 c5 2. Nf3 d6 3. Bc4 Nc6 4. c3 Nf6 5. d3 e6 6. O-O Be7 7. Re1 O-O 8. d4
cxd4 9. cxd4 d5 10. exd5 Nxd5 11. Nc3 Nxc3 12. bxc3 Bf6 13. Qc2 Qa5 14. h4 g6
15. Rb1 a6 16. a4 Qc7 17. Bd3 Bd7 18. h5 Ne7 19. hxg6 hxg6 20. Ne5 Kg7 21. Ba3
Rh8 22. Bxe7 Bxe7 23. Bxg6 Bxa4 24. Qd3 f6 25. Ng4 Rh4 26. Qe4 Rah8 27. f3 Qg3
28. Kf1 Bb5+ 0-1

[Event "International Championship of Central S"]
[Site "Paracin"]
[Date "2014.07.09"]
[Round "7.18"]
[White "Milosevic, Jovana"]
[Black "Vassilev, Martin"]
[Result "1-0"]
[WhiteElo "1990"]
[BlackElo "1867"]
[PlyCount "65"]
[EventDate "2014.07.04"]

1. Nf3 Nf6 2. c4 g6 3. Nc3 d5 4. cxd5 Nxd5 5. Nxd5 Qxd5 6. g3 Bg7 7. Bg2 Qh5 8.
O-O O-O 9. d3 Nc6 10. Qa4 Bh3 11. Be3 Bxg2 12. Kxg2 Qd5 13. Rac1 Rfc8 14. Rc5
Qd7 15. Rfc1 a6 16. b4 e6 17. a3 Bf8 18. R5c3 Bd6 19. Qb3 Ne5 20. Ng5 c6 21.
Ne4 Be7 22. h3 Qd8 23. Nc5 b5 24. Nb7 Qd7 25. Na5 Bd8 26. f4 Bxa5 27. bxa5 Qc7
28. fxe5 Qxe5 29. d4 Qe4+ 30. Kh2 Rc7 31. Rc5 f6 32. Rf1 g5 33. Rxf6 1-0

[Event "International Championship of Central S"]
[Site "Paracin"]
[Date "2014.07.09"]
[Round "7.19"]
[White "Zarkovic, Milos"]
[Black "Nikolic, Vladimir"]
[Result "0-1"]
[WhiteElo "1822"]
[BlackElo "1980"]
[PlyCount "60"]
[EventDate "2014.07.04"]

1. d4 d5 2. c4 Nf6 3. Nc3 c6 4. Nf3 g6 5. Bf4 Qb6 6. Qd2 Ne4 7. Nxe4 dxe4 8.
Ne5 f6 9. c5 Qd8 10. Nc4 Be6 11. e3 g5 12. Bg3 Nd7 13. Na5 Qc8 14. Bc4 Bxc4 15.
Nxc4 Bg7 16. h4 g4 17. b4 h5 18. Rd1 f5 19. d5 cxd5 20. Qxd5 Bc3+ 21. Kf1 Nf6
22. Nd6+ exd6 23. Qxd6 Kf7 24. Be5 Bxe5 25. Qxe5 Rd8 26. Ke2 Qc6 27. Qxf5 Qb5+
28. Ke1 Qxb4+ 29. Ke2 Qb5+ 30. Ke1 Qa5+ 0-1

[Event "International Championship of Central S"]
[Site "Paracin"]
[Date "2014.07.09"]
[Round "7.20"]
[White "Cvetkovski, Slobodan"]
[Black "Dyulgerov, Dimitar"]
[Result "1-0"]
[WhiteElo "1875"]
[BlackElo "1977"]
[PlyCount "45"]
[EventDate "2014.07.04"]

1. e4 c6 2. d4 d5 3. Nc3 dxe4 4. Nxe4 Nd7 5. Nf3 Ngf6 6. Ng3 e6 7. Bd3 Bd6 8.
O-O O-O 9. Re1 Qc7 10. Ne4 Nxe4 11. Rxe4 Re8 12. h3 c5 13. c3 c4 14. Bc2 e5 15.
dxe5 Nxe5 16. Nxe5 Rxe5 17. Qe2 Be6 18. Bf4 Rb5 19. Rxe6 fxe6 20. Qxe6+ Kh8 21.
Bxd6 Qb6 22. Re1 Rd8 23. Qe8+ 1-0

[Event "International Championship of Central S"]
[Site "Paracin"]
[Date "2014.07.09"]
[Round "7.21"]
[White "Peycheva, Gergana"]
[Black "Stojkovic, Zoran"]
[Result "1-0"]
[WhiteElo "1672"]
[BlackElo "1971"]
[PlyCount "75"]
[EventDate "2014.07.04"]

1. e4 c5 2. Nc3 Nc6 3. Bb5 g6 4. Bxc6 bxc6 5. d3 Bg7 6. Nge2 Nh6 7. O-O f6 8.
f4 d6 9. h3 O-O 10. Qe1 Qb6 11. Kh1 Nf7 12. Rb1 Bd7 13. Be3 Qc7 14. g4 e6 15.
Qg3 f5 16. gxf5 exf5 17. Rf2 Rab8 18. b3 Be6 19. Rg1 Qe7 20. Na4 Bf6 21. Rfg2
Bh4 22. Qf3 fxe4 23. Rxg6+ Kh8 24. Qh5 Rg8 25. f5 Bd5 26. d4 Bf2 27. f6 Bxg1
28. Rxg8+ Rxg8 29. fxe7 Bxe3 30. c4 Be6 31. d5 cxd5 32. cxd5 Bd7 33. Qxf7 Be8
34. Qf6+ Rg7 35. h4 Bh5 36. Qxd6 h6 37. Qb8+ Rg8 38. Qe5+ 1-0

[Event "International Championship of Central S"]
[Site "Paracin"]
[Date "2014.07.09"]
[Round "7.22"]
[White "Petrovic, Marija"]
[Black "Djoric, Krsta"]
[Result "1-0"]
[WhiteElo "2087"]
[BlackElo "1801"]
[PlyCount "68"]
[EventDate "2014.07.04"]

1. d4 d5 2. Nf3 g6 3. g3 Bg7 4. Bg2 Bg4 5. O-O Nc6 6. c3 Nf6 7. Nbd2 O-O 8. Re1
Bxf3 9. Bxf3 e6 10. Qb3 Rb8 11. Bg2 Ne7 12. f3 c6 13. e4 dxe4 14. fxe4 Bh6 15.
Nf3 Bxc1 16. Raxc1 Qc7 17. c4 Kg7 18. Qc3 Rbd8 19. Rcd1 b6 20. b3 h6 21. Ne5
Rh8 22. Rf1 Rhf8 23. Rd2 Neg8 24. b4 Nh7 25. Nxc6 Rd7 26. b5 f6 27. e5 Rdf7 28.
d5 fxe5 29. Rxf7+ Qxf7 30. Qxe5+ Qf6 31. dxe6 Qxe5 32. Nxe5 Nhf6 33. Nc6 Re8
34. Rd7+ Kh8 1-0

[Event "International Championship of Central S"]
[Site "Paracin"]
[Date "2014.07.09"]
[Round "7.23"]
[White "Ljangov, Petar"]
[Black "Raykov, Stefan"]
[Result "1-0"]
[WhiteElo "2046"]
[BlackElo "1845"]
[PlyCount "141"]
[EventDate "2014.07.04"]

1. e4 c5 2. Nf3 e6 3. a3 Nc6 4. Nc3 a6 5. d4 cxd4 6. Nxd4 Qc7 7. Be3 Nf6 8. Bd3
b5 9. O-O Bb7 10. Qe2 Ne5 11. h3 Rc8 12. f4 Nc4 13. Bxc4 bxc4 14. e5 Nd5 15.
Nxd5 Bxd5 16. c3 Rb8 17. Rad1 Be4 18. Qf2 Be7 19. Rd2 O-O 20. Rfd1 Bd3 21. Nf3
Rfd8 22. Qg3 Rb7 23. b4 Qc6 24. Nd4 Qe4 25. Qf3 a5 26. Qxe4 Bxe4 27. Ne2 g6 28.
bxa5 Bd5 29. Bb6 Rc8 30. Nd4 Bc5 31. Bxc5 Rxc5 32. a6 Rb6 33. Ra1 Rxa6 34. Kf2
Rca5 35. Rda2 Kf8 36. Ke3 Ke8 37. g4 Ke7 38. g5 d6 39. exd6+ Kxd6 40. Nc2 Kc5
41. h4 Ra7 42. Kf2 Bc6 43. Nd4 Bd7 44. Ke3 Rb7 45. a4 Rba7 46. Nf3 Rxa4 47.
Rxa4 Rxa4 48. Rxa4 Bxa4 49. Ne5 Be8 50. Ng4 Ba4 51. Nf6 Bc2 52. Nxh7 Bd3 53.
Nf6 Bf5 54. Nd7+ Kd5 55. Ne5 Bh3 56. Nxf7 Bf5 57. Ne5 Bc2 58. Nd7 Bd3 59. Nf6+
Kd6 60. Kd4 Be2 61. Ne4+ Kc6 62. Ke5 Bg4 63. Nf6 Bf5 64. h5 gxh5 65. Nxh5 Kd7
66. Ng7 Bg4 67. Kf6 Bh3 68. g6 Bg4 69. f5 exf5 70. Nxf5 Ke8 71. g7 1-0

[Event "International Championship of Central S"]
[Site "Paracin"]
[Date "2014.07.09"]
[Round "7.24"]
[White "Kuzmanovic, Aleksa"]
[Black "Kostic, Tomislav"]
[Result "1-0"]
[WhiteElo "1809"]
[BlackElo "2023"]
[PlyCount "63"]
[EventDate "2014.07.04"]

1. d4 e6 2. c4 f5 3. g3 Nf6 4. Bg2 d5 5. Nf3 c6 6. O-O Bd6 7. b3 Qe7 8. Bb2 O-O
9. Nbd2 Bd7 10. Ne5 Be8 11. Ndf3 Bh5 12. Nd3 Bxf3 13. Bxf3 Nbd7 14. Bg2 Ng4 15.
Qd2 Rae8 16. f3 Nxh2 17. Kxh2 Qh4+ 18. Kg1 Bxg3 19. Rf2 Qh2+ 20. Kf1 Rf6 21. e3
Rg6 22. Re2 Nf6 23. Ne5 Rh6 24. f4 Nh5 25. Nf3 Be1 26. Kxe1 Qg3+ 27. Kd1 Nf6
28. Kc2 Ne4 29. Qe1 Qg6 30. Ne5 Qf6 31. Bxe4 fxe4 32. Ng4 1-0

[Event "International Championship of Central S"]
[Site "Paracin"]
[Date "2014.07.09"]
[Round "7.25"]
[White "Ostojic, Katarina"]
[Black "Majstorovic, Dusan"]
[Result "1-0"]
[WhiteElo "1834"]
[BlackElo "2022"]
[PlyCount "103"]
[EventDate "2014.07.04"]

1. e4 e5 2. Nf3 Nf6 3. Nxe5 d6 4. Nf3 Nxe4 5. Nc3 Nxc3 6. dxc3 Be7 7. Be3 Nc6
8. Qd2 Ne5 9. Be2 O-O 10. O-O-O Be6 11. a3 Nc4 12. Bxc4 Bxc4 13. Bf4 Qc8 14.
Rhe1 Bf6 15. h3 Re8 16. Rxe8+ Qxe8 17. Re1 Qc6 18. Bg5 Bxg5 19. Qxg5 h6 20. Qg3
Re8 21. Rxe8+ Qxe8 22. b3 Bd5 23. Nd4 Qe1+ 24. Kb2 Qe5 25. Qg4 c5 26. f4 Qf6
27. Nf3 Be4 28. Nd2 d5 29. Nxe4 dxe4 30. g3 e3 31. Qd7 g5 32. Qe8+ Kg7 33. Qxe3
gxf4 34. gxf4 Kg6 35. b4 cxb4 36. axb4 Kf5 37. Qxa7 b6 38. Qd7+ Kxf4 39. Qd4+
Qxd4 40. cxd4 Ke4 41. c3 f5 42. Kc2 f4 43. Kd2 Kf3 44. d5 Kg2 45. d6 f3 46. d7
f2 47. d8=Q f1=Q 48. Qxb6 Qf4+ 49. Qe3 Qd6+ 50. Qd4 Qa6 51. Qe4+ Kg1 52. Qe1+
1-0

[Event "International Championship of Central S"]
[Site "Paracin"]
[Date "2014.07.09"]
[Round "7.26"]
[White "Mijajlovic, Milutin"]
[Black "Petrovic, Milan M"]
[Result "0-1"]
[WhiteElo "1750"]
[BlackElo "1953"]
[PlyCount "74"]
[EventDate "2014.07.04"]

1. e4 c6 2. d4 d5 3. Nc3 dxe4 4. Nxe4 Nf6 5. Nxf6+ exf6 6. Be3 Qb6 7. Qc1 Bd6
8. Bd3 Qc7 9. h3 Be6 10. Ne2 Nd7 11. a3 O-O 12. c4 Rad8 13. O-O Rfe8 14. Qc2
Nf8 15. Rad1 Ng6 16. b4 Qc8 17. Bxg6 hxg6 18. Bf4 Bf5 19. Qd2 Rxe2 20. Qxe2
Bxf4 21. Qf3 Bb8 22. Rfe1 Qc7 23. Re3 Be6 24. Qg3 Qxg3 25. fxg3 Bxc4 26. Kh2 f5
27. Re7 b6 28. Rde1 Be6 29. Rb7 f4 30. gxf4 Bxf4+ 31. g3 Bd2 32. Rd1 Bc3 33.
Rxa7 Bxd4 34. Rc7 Bb3 35. Rf1 Bd5 36. h4 Re8 37. Ra7 Re2+ 0-1

[Event "International Championship of Central S"]
[Site "Paracin"]
[Date "2014.07.09"]
[Round "7.27"]
[White "Maksimovic, Bojan"]
[Black "Vlajkovic, Stanko"]
[Result "1-0"]
[WhiteElo "1745"]
[BlackElo "1946"]
[PlyCount "53"]
[EventDate "2014.07.04"]

1. d4 Nf6 2. c4 c5 3. d5 g6 4. Nc3 d6 5. e4 Bg7 6. h3 O-O 7. Be3 e6 8. Bd3 exd5
9. exd5 Re8 10. Nf3 a6 11. a4 b6 12. O-O Nfd7 13. Re1 Ne5 14. Nxe5 Bxe5 15. Qd2
Nd7 16. Re2 Qc7 17. Rae1 Bb7 18. Bf4 Rf8 19. Bxe5 Nxe5 20. f4 Nd7 21. Re7 Qd8
22. f5 Bc8 23. Qh6 Nf6 24. fxg6 hxg6 25. Bxg6 Bd7 26. Bxf7+ Rxf7 27. Qg6+ 1-0